| 000 | 00807nam a2200229 a 4500 | ||
|---|---|---|---|
| 001 | 000038031 | ||
| 005 | 20240412074259.0 | ||
| 008 | 130312s2011 dr 000 p spa d | ||
| 020 | _z8976076677632 | ||
| 040 |
_aDO-SdBNP _bspa _cBNPHU |
||
| 082 |
_aRD861.44 _bL431re |
||
| 100 | 1 |
_aLazala, Bélgica _964429 |
|
| 245 | 1 | 0 |
_aRetoños de amor / _cBélgica Lazala ; prólogo Eladio de los Santos García. |
| 260 |
_aSanto Domingo : _bEdiciones Sonrisol, _c2011. |
||
| 300 |
_a62 p. ; _c19 cm. |
||
| 500 | _aIncluye datos biográficos de la autora en la solapa de la cubierta | ||
| 590 | _aInventariado, 2018/LP | ||
| 650 | 0 |
_aPoesía dominicana _966 |
|
| 650 | 0 |
_aLiteratura dominicana. _967 |
|
| 700 | 1 | 2 |
_aSantos García, Eladio de los , _d1973- _epról. _928675 |
| 910 | _aValidado. Control de calidad MFF | ||
| 999 |
_c37521 _d37521 |
||